Podnikateľské prostredie v krajinách V4 bakalárska práca

Salvato in:
Dettagli Bibliografici
Autore principale: Kátlovská, Mária
Ente Autore: Obchodná fakulta EU. Katedra služieb a cestovného ruchu - zrušené
Altri autori: Naďová Krošláková, Monika, 1975-
Natura: Libro
Lingua:slovacco
Pubblicazione: Bratislava 2020
Tags: Aggiungi Tag
Nessun Tag, puoi essere il primo ad aggiungerne!!

MARC

LEADER 00000nbm a2200000 4500
001 0266608
005 20201007095518.6
041 0 |a slo 
044 |a SK 
245 1 0 |a Podnikateľské prostredie v krajinách V4  |b bakalárska práca  |c Mária Kátlovská ; školiteľ: Monika Naďová Krošláková 
264 1 |a Bratislava  |c 2020 
300 |a 60 s. 
100 1 |a Kátlovská, Mária 
700 1 |a Naďová Krošláková, Monika, 1975- 
710 2 |a Obchodná fakulta EU. Katedra služieb a cestovného ruchu - zrušené